| 000 | 00957nmm a2200301 a 4500 | ||
|---|---|---|---|
| 001 | ocm000561855 | ||
| 003 | TR-IsHL | ||
| 005 | 20201028122744.0 | ||
| 008 | 110704s2009 tu tur | ||
| 007 | cr cn | ||
| 020 | _a9789758606801 | ||
| 035 |
_a561855 _b(N$T) |
||
| 050 | 0 | 4 |
_aBD331 _b.V37 2009 |
| 090 | 0 | 4 |
_aBD331 _b.V37 2009 |
| 245 | 1 | 0 |
_aVarlık felsefesi _h[electronic resource] / _chaz. A. Kadir Çüçen, Melek Zeynep Zafer, Adnan Esenyel |
| 250 | _a1. bs. | ||
| 260 |
_aBursa : _bEzgi Kitabevi, _c2009 |
||
| 300 | _a438 p. | ||
| 650 | 4 | _aFelsefe, Psikoloji ve Din | |
| 650 | 4 | _aPhilosophy, Psychology and Religion | |
| 650 | 0 | _aVarlık (Felsefe) | |
| 650 | 0 | _aAssets (Philosophy) | |
| 650 | 7 |
_aPHILOSOPHY / General _2bisacsh |
|
| 700 | 1 | _aÇüçen, A. Kadir | |
| 700 | 1 | _aZafer, Melek Zeynep | |
| 700 | 1 | _aEsenyel, Adnan | |
| 856 | 4 | 0 | _uhttp://search.ebscohost.com/login.aspx?direct=true&scope=site&db=e011xww&AN=561855 |
| 999 |
_c2039 _d2039 |
||